000 00961nam a2200193Ia 4500
001 10126
003 GE_BSU
008 181216s||||||||xx |||||||||||||| ||und||
040 _cGE_BSU
080 _a271.22(479.22)(09)+27-184.35+27-184.5
100 _aჯაფარიძე,ანანია მიტროპოლიტი
245 _aთეორია საქართველოს ეკლესიის პროზელიტიზმის შესახებ და მისი კრიტიკა.
245 _bსაქ–ს საპატრიარქოს მანგლის–წალკის ეპარქია
260 _aთბილისი
260 _c2007
300 _a31გვ.20სმ.
653 _aთეორია საქართველოს ეკლესიის პროზელიტიზმის შესახებ და მისი კრიტიკა.
942 _cBK
999 _c43398
_d43398